00433nam a22001577a 4500003000700000005001700007008004100024082001900065100005300084245001900137250001700156260001900173300000800192490003800200650003700238MPLRDC20220104142644.0210129b ||||| |||| 00| 0 eng d a524.921 DZ v.4 a马来西亚全国华文独中工委会课程局 a读写知识c a一版一刷 ab董总c1996 b平 a高中统考华文参考书系. 4 a中等教育--高中统考华文